| 000 | 00000nam##2200000za#4500 |
| 001 | 9.681147 |
| 003 | CaOODSP |
| 005 | 20210615132411 |
| 007 | ta |
| 008 | 150407|2001||||xxc||||| f|0| 0 fre|d |
| 020 | |a0-662-84760-1 |
| 040 | |aCaOODSP|bfre |
| 043 | |an-cn--- |
| 086 | 1 |aH49-140/2001F |
| 110 | 1 |aCanada.|bSanté Canada. |bDirection générale de la santé de la population et de la santé publique. |
| 245 | 13|aUn cadre conceptuel et épidémiologique pour la surveillance de l'enfance maltraitée / |cpréparé par David A. Wolfe et Lilian Yuan. |
| 260 | |aOttawa - Ontario : |bSanté Canada. |c2001. |
| 300 | |avi, 88p. : |bréférences ; |c28 cm. |
| 563 | |aReliure à spirale |
| 590 | |a02-01|b2002-01-04 |
| 691 | 07|aÉpidémiologie|2gcpds |
| 691 | 07|aViolence faite aux enfants|2gcpds |
| 720 | 1 |aWolfe, David A. |
| 720 | 1 |aYuan, Lilian |
| 775 | 08|tA conceptual and epidemiological framework for child maltreatment surveillance / |w(CaOODSP)9.647766 |
| 776 | 0#|tUn cadre conceptuel et épidémiologique pour la surveillance de l'enfance maltraitée / |w(CaOODSP)9.639560 |